[Event "EU-chT Seniors 50"]
[Site "Dresden"]
[Date "2022.10.30"]
[Round "4.1"]
[White "Rensch, Toralf"]
[Black "Rosenthal, Dirk"]
[Result "0-1"]
[WhiteElo "2087"]
[BlackElo "2387"]
[PlyCount "46"]
[EventDate "2022.10.27"]
[EventType "team-swiss"]
[EventRounds "9"]
[EventCountry "GER"]
[SourceTitle "EXT 2024"]
[Source "ChessBase"]
[SourceDate "2023.10.10"]
[SourceVersion "1"]
[SourceVersionDate "2023.10.10"]
[SourceQuality "1"]
[WhiteTeam "Dresden Gruen Weiss 50"]
[BlackTeam "Berlin 50 II"]
[WhiteTeamCountry "GER"]
[BlackTeamCountry "GER"]

1. e4 c5 2. d4 cxd4 3. c3 dxc3 4. Nxc3 Nc6 5. Bc4 e6 6. Nf3 a6 7. 0-0 d6 8. Qe2 b5 9. Bb3 Ra7 10. Be3 Rd7 11. Nxb5 axb5 12. Qxb5 Bb7 13. Bb6 Qa8 14. Ba4 Nge7 15. Rfc1 e5 16. Rc2 g6 17. Rac1 Bh6 18. Rxc6 Nxc6 19. Rxc6 Bxc6 20. Qxc6 Qxc6 21. Bxc6 Ke7 22. Bxd7 Kxd7 23. a4 Rc8 0-1

[Event "Erfurt op-A 29th"]
[Site "Erfurt"]
[Date "2019.12.28"]
[Round "4"]
[White "Heyder, Florian"]
[Black "Rensch, Toralf"]
[Result "1-0"]
[WhiteElo "2205"]
[BlackElo "2103"]
[PlyCount "25"]
[EventDate "2019.12.26"]
[EventType "swiss"]
[EventRounds "8"]
[EventCountry "GER"]
[SourceTitle "CBM 194 Extra"]
[Source "ChessBase"]
[SourceDate "2020.03.31"]
[SourceVersion "1"]
[SourceVersionDate "2020.03.31"]
[SourceQuality "1"]

1. d4 Nf6 2. c4 e5 3. dxe5 Ng4 4. Bf4 g5 5. Bg3 Bg7 6. h4 Nxe5 7. hxg5 Qxg5 8. Nc3 Nxc4 9. Rh4 Ne5 10. Nd5 Na6 11. e3 Ng6 12. Nf3 Qd8 13. Re4+ 1-0

[Event "Oberliga Ost-A 1819"]
[Site "Germany"]
[Date "2019.02.02"]
[Round "6.6"]
[White "Rensch, Toralf"]
[Black "Boehm, Robert"]
[Result "0-1"]
[WhiteElo "2107"]
[BlackElo "2169"]
[PlyCount "118"]
[EventDate "2018.10.21"]
[EventType "team-tourn"]
[EventRounds "11"]
[EventCountry "GER"]
[SourceTitle "EXT 2020"]
[Source "ChessBase"]
[SourceDate "2019.10.17"]
[SourceVersion "1"]
[SourceVersionDate "2019.10.17"]
[SourceQuality "1"]
[WhiteTeam "Dresden Gruen Weiss"]
[BlackTeam "Hoyerswerda"]
[WhiteTeamCountry "GER"]
[BlackTeamCountry "GER"]

1. e4 c5 2. Nf3 Nc6 3. Bb5 Nf6 4. Nc3 g6 5. h3 Bg7 6. e5 Ng8 7. Bxc6 dxc6 8. Qe2 Nh6 9. Ne4 b6 10. d3 Nf5 11. Bd2 Nd4 12. Nxd4 cxd4 13. f4 Qd5 14. c4 dxc3 15. Nxc3 Qd7 16. d4 Qxd4 17. Be3 Qd7 18. Rd1 Qc7 19. 0-0 0-0 20. Rc1 Be6 21. g4 f5 22. Nb5 Qb7 23. Nd4 Bd5 24. gxf5 gxf5 25. Qh5 e6 26. Kh2 Qf7 27. Qh4 Rac8 28. Rg1 Kh8 29. Rg3 Rg8 30. Rcg1 a6 31. Nf3 Bxf3 32. Rxf3 c5 33. Rfg3 b5 34. Rg5 Qe7 35. Qe1 Bh6 36. Rxg8+ Rxg8 37. Rxg8+ Kxg8 38. Qg1+ Kf7 39. Qd1 c4 40. Kg3 Bf8 41. Bb6 Kg6 42. a3 h5 43. Bf2 Qc7 44. Kh2 Bh6 45. Be3 h4 46. Qd4 Bf8 47. Bf2 Be7 48. Qd1 Qd8 49. Qe1 a5 50. Qe3 b4 51. axb4 axb4 52. Be1 Qd5 53. Qg1+ Kf7 54. Qa7 Qc5 55. Qb7 c3 56. bxc3 bxc3 57. Bxh4 c2 58. Bxe7 Qf2+ 59. Kh1 c1Q# 0-1

[Event "Erfurt op 28th"]
[Site "Erfurt"]
[Date "2018.12.29"]
[Round "6"]
[White "Rensch, Toralf"]
[Black "Lubbe, Melanie"]
[Result "1/2-1/2"]
[WhiteElo "2101"]
[BlackElo "2345"]
[PlyCount "115"]
[EventDate "2018.12.26"]
[EventType "swiss"]
[EventRounds "8"]
[EventCountry "GER"]
[SourceTitle "CBM 188 Extra"]
[Source "ChessBase"]
[SourceDate "2019.02.26"]
[SourceVersion "1"]
[SourceVersionDate "2019.02.26"]
[SourceQuality "1"]

1. e4 c5 2. Nf3 g6 3. g3 Bg7 4. Bg2 Nc6 5. Nc3 d6 6. d3 e6 7. Be3 Nge7 8. 0-0 0-0 9. Qd2 Nd4 10. Bh6 Rb8 11. Bxg7 Kxg7 12. Nxd4 cxd4 13. Ne2 e5 14. c3 dxc3 15. bxc3 Be6 16. Qe3 Qa5 17. Rfb1 Nc8 18. Rb2 Nb6 19. Bf1 Na4 20. Rc2 Rfc8 21. Rac1 b5 22. d4 Nb6 23. f3 Nc4 24. Qf2 Rc7 25. f4 Bg4 26. fxe5 dxe5 27. dxe5 Bxe2 28. Qf6+ Kg8 29. Bxe2 Qb6+ 30. Qxb6 Rxb6 31. Kf2 Nxe5 32. Ke3 Kg7 33. c4 bxc4 34. Bxc4 Ng4+ 35. Kd4 Rb4 36. h3 Nf6 37. Kd3 Rd7+ 38. Kc3 a5 39. Re1 Re7 40. a3 Rb6 41. e5 Nd7 42. Kd4 Nf8 43. Re3 Rd7+ 44. Ke4 Rb1 45. Bb3 Re7 46. Rc5 Ra7 47. a4 Nd7 48. Rb5 Rc1 49. Kd4 h5 50. e6 fxe6 51. Rxe6 Nf6 52. Rd6 Rg1 53. Rbb6 Rf1 54. Bc2 Rc7 55. Bd3 Rf3 56. Be4 Rf1 57. Bd3 Rf3 58. Be4 1/2-1/2

[Event "Erfurt op 28th"]
[Site "Erfurt"]
[Date "2018.12.27"]
[Round "3"]
[White "Rewitz, Poul"]
[Black "Rensch, Toralf"]
[Result "1/2-1/2"]
[WhiteElo "2240"]
[BlackElo "2101"]
[PlyCount "94"]
[EventDate "2018.12.26"]
[EventType "swiss"]
[EventRounds "8"]
[EventCountry "GER"]
[SourceTitle "CBM 188 Extra"]
[Source "ChessBase"]
[SourceDate "2019.02.26"]
[SourceVersion "1"]
[SourceVersionDate "2019.02.26"]
[SourceQuality "1"]

1. e4 Nc6 2. d4 e5 3. Nf3 exd4 4. Bc4 d6 5. 0-0 Bg4 6. c3 Bxf3 7. gxf3 Ne5 8. cxd4 Nxc4 9. Qa4+ c6 10. Qxc4 Be7 11. Nc3 Nf6 12. Kh1 0-0 13. Rg1 Kh8 14. Qf1 Qd7 15. Qg2 Rg8 16. Be3 d5 17. Ne2 g6 18. Nf4 Bf8 19. Nd3 Bg7 20. Ne5 Qe6 21. Qg3 Raf8 22. Qh4 Nh5 23. Rg2 Bf6 24. Qg4 Bxe5 25. dxe5 Qxe5 26. exd5 Qxd5 27. Qd4+ Qxd4 28. Bxd4+ f6 29. Bxa7 Rd8 30. Be3 Rd5 31. Rg4 Rgd8 32. Rb4 Rd1+ 33. Rxd1 Rxd1+ 34. Kg2 Rd7 35. a4 Kg8 36. a5 Kf7 37. Rb6 Rc7 38. Kf1 Ke6 39. Rb4 f5 40. Ke2 Nf6 41. Ra4 Nd5 42. h4 Rf7 43. f4 Rd7 44. Rc4 Nc7 45. Bd4 Rd5 46. Bb6 Rd7 47. Bxc7 Rxc7 1/2-1/2

[Event "Oberliga Ost-A 1819"]
[Site "Germany"]
[Date "2018.11.11"]
[Round "3.8"]
[White "Hoffmann, Uwe1111"]
[Black "Rensch, Toralf"]
[Result "0-1"]
[WhiteElo "2102"]
[BlackElo "2107"]
[PlyCount "136"]
[EventDate "2018.10.21"]
[EventType "team-tourn"]
[EventRounds "11"]
[EventCountry "GER"]
[SourceTitle "EXT 2020"]
[Source "ChessBase"]
[SourceDate "2019.10.17"]
[SourceVersion "1"]
[SourceVersionDate "2019.10.17"]
[SourceQuality "1"]
[WhiteTeam "Magdeburg Rochade"]
[BlackTeam "Dresden Gruen Weiss"]
[WhiteTeamCountry "GER"]
[BlackTeamCountry "GER"]

1. Nf3 Nf6 2. g3 e6 3. Bg2 d5 4. 0-0 Be7 5. c4 0-0 6. b3 c5 7. Bb2 Nc6 8. d3 Re8 9. Nbd2 d4 10. a3 e5 11. Qc2 Bf8 12. Rfd1 h6 13. Nf1 Be6 14. e3 Qd7 15. e4 Nh7 16. Bc1 g5 17. Bd2 a5 18. Rab1 f5 19. Ne1 f4 20. f3 h5 21. h4 Be7 22. hxg5 Bxg5 23. Qc1 Rf8 24. Rb2 Qe7 25. Bh1 Kh8 26. Qb1 Rf7 27. Bc1 Rg8 28. Rh2 fxg3 29. Rxh5 Bf4 30. Bg2 Rg5 31. Rh1 Kg8 32. Qc2 Rg6 33. Bh3 Ng5 34. Bxe6 Nxe6 35. Bxf4 Nxf4 36. Ng2 Qf6 37. Nxf4 Qxf4 38. Qg2 Qxf3 39. Qxf3 Rxf3 40. Rd2 g2 41. Rxg2 Rxg2+ 42. Kxg2 Rxd3 43. Rh3 Rc3 44. Rf3 a4 45. Nd2 Rc2 46. Rf2 axb3 47. Nxb3 Rxc4 48. Rb2 Rc3 49. Kf2 Kf7 50. Nd2 Nd8 51. Nf3 d3 52. Ke1 Rxa3 53. Nxe5+ Ke6 54. Nf3 Kd6 55. Nd2 Kc6 56. Nc4 Ra4 57. Ne5+ Kc7 58. Nxd3 Rxe4+ 59. Kd2 Kc6 60. Kc3 Ne6 61. Rb1 b5 62. Rb2 Nc7 63. Rh2 b4+ 64. Kb3 Kb5 65. Rh6 Ne6 66. Ka2 Re3 67. Nb2 Nd4 68. Kb1 Re1+ 0-1

[Event "Oberliga Ost-A 1819"]
[Site "Germany"]
[Date "2018.11.10"]
[Round "2.8"]
[White "Rensch, Toralf"]
[Black "Lopez Rojas, Jeffrey"]
[Result "0-1"]
[WhiteElo "2107"]
[BlackElo "2194"]
[PlyCount "120"]
[EventDate "2018.10.21"]
[EventType "team-tourn"]
[EventRounds "11"]
[EventCountry "GER"]
[SourceTitle "EXT 2020"]
[Source "ChessBase"]
[SourceDate "2019.10.17"]
[SourceVersion "1"]
[SourceVersionDate "2019.10.17"]
[SourceQuality "1"]
[WhiteTeam "Dresden Gruen Weiss"]
[BlackTeam "Magdeburg Aufbau Elbe"]
[WhiteTeamCountry "GER"]
[BlackTeamCountry "GER"]

1. e4 g6 2. Nc3 Bg7 3. d4 d6 4. Bg5 Nd7 5. Nf3 h6 6. Be3 a6 7. h3 e6 8. Qd2 b5 9. Be2 Ne7 10. 0-0 Bb7 11. a3 f5 12. exf5 Nxf5 13. Rad1 0-0 14. Bf4 g5 15. Bh2 Nb6 16. Rfe1 Qd7 17. Na2 Rae8 18. c3 Qf7 19. Nc1 Nh4 20. Nxh4 Qxf2+ 21. Kh1 Qxh4 22. Qe3 Nd5 23. Qd3 Nf4 24. Bxf4 Rxf4 25. Rf1 Rf2 26. Rxf2 Qxf2 27. Rg1 Rf8 28. Qg6 Qf7 29. Qxf7+ Kxf7 30. Bg4 Bd5 31. Nd3 a5 32. Re1 Rh8 33. Bh5+ Ke7 34. Kg1 Rf8 35. Bg4 Kd7 36. Re3 Bf6 37. Re1 Bd8 38. b4 c6 39. bxa5 Bxa5 40. Nb4 Bxb4 41. axb4 Ra8 42. Re3 Ra2 43. g3 Ke7 44. Kf1 Kf6 45. Be2 e5 46. dxe5+ dxe5 47. Ke1 e4 48. h4 Kf5 49. hxg5 Kxg5 50. Bd1 Rh2 51. Be2 Kf5 52. Kd1 Bb3+ 53. Ke1 h5 54. Kf1 Bc4 55. Bxc4 bxc4 56. Ke1 Rc2 57. Kf1 Rd2 58. Ke1 Rd3 59. Ke2 Rxe3+ 60. Kxe3 Kg4 0-1

[Event "Oberliga Ost-A 1819"]
[Site "Germany"]
[Date "2018.10.21"]
[Round "1.7"]
[White "Oehl, Tim"]
[Black "Rensch, Toralf"]
[Result "1-0"]
[WhiteElo "2138"]
[BlackElo "2107"]
[PlyCount "65"]
[EventDate "2018.10.21"]
[EventType "team-tourn"]
[EventRounds "11"]
[EventCountry "GER"]
[SourceTitle "EXT 2020"]
[Source "ChessBase"]
[SourceDate "2019.10.17"]
[SourceVersion "1"]
[SourceVersionDate "2019.10.17"]
[SourceQuality "1"]
[WhiteTeam "Dresden USV TU II"]
[BlackTeam "Dresden Gruen Weiss"]
[WhiteTeamCountry "GER"]
[BlackTeamCountry "GER"]

1. c4 Nf6 2. Nf3 e6 3. b3 d5 4. Bb2 b6 5. g3 a5 6. Bg2 Be7 7. 0-0 0-0 8. Na3 Na6 9. Nb5 c6 10. Nbd4 Bb7 11. cxd5 c5 12. Nc6 Bxc6 13. dxc6 Rc8 14. Ne5 Nd5 15. d4 f6 16. Nd7 Rxc6 17. Nxf8 Bxf8 18. e4 Ndc7 19. e5 Nd5 20. exf6 gxf6 21. Qe2 Nac7 22. Rac1 Qd7 23. Rfd1 Bh6 24. Rb1 cxd4 25. Bxd4 Rd6 26. Bb2 Qf7 27. Be4 Rc6 28. Rd3 Bf8 29. Rbd1 Qg7 30. Qf3 Be7 31. Bxd5 exd5 32. Rxd5 Rc2 33. R5d2 1-0

[Event "Oberliga Ost-A 1718"]
[Site "Germany"]
[Date "2018.02.03"]
[Round "6.8"]
[White "Rensch, Toralf"]
[Black "Graf, Roland"]
[Result "1/2-1/2"]
[WhiteElo "2097"]
[BlackElo "2103"]
[PlyCount "42"]
[EventDate "2017.10.22"]
[EventType "team-tourn"]
[EventRounds "11"]
[EventCountry "GER"]
[SourceTitle "EXT 2019"]
[Source "ChessBase"]
[SourceDate "2018.10.10"]
[SourceVersion "1"]
[SourceVersionDate "2018.10.10"]
[SourceQuality "1"]
[WhiteTeam "Dresden Gruen Weiss"]
[BlackTeam "Hoyerswerda"]
[WhiteTeamCountry "GER"]
[BlackTeamCountry "GER"]

1. b3 Nf6 2. Bb2 e6 3. e3 c5 4. f4 Nc6 5. Nf3 Be7 6. Be2 b6 7. 0-0 Bb7 8. Ne5 d6 9. Nxc6 Bxc6 10. Bf3 Qc7 11. a4 0-0 12. Na3 a6 13. Qe2 Qb7 14. Bxc6 Qxc6 15. c4 d5 16. Qf3 Ne4 17. Rfd1 Bf6 18. Bxf6 Nxf6 19. Rac1 Qd6 20. d3 d4 21. e4 e5 1/2-1/2

[Event "Oberliga Ost-B 1415"]
[Site "Germany"]
[Date "2015.01.17"]
[Round "6.5"]
[White "Weber, Matthias"]
[Black "Rensch, Toralf"]
[Result "0-1"]
[WhiteElo "2184"]
[BlackElo "2065"]
[PlyCount "92"]
[EventDate "2014.09.21"]
[EventType "team-tourn"]
[EventRounds "11"]
[EventCountry "GER"]
[SourceTitle "EXT 2016"]
[Source "ChessBase"]
[SourceDate "2015.10.08"]
[SourceVersion "1"]
[SourceVersionDate "2015.10.08"]
[SourceQuality "1"]
[WhiteTeam "Merseburg"]
[BlackTeam "Weimar Vimaria"]
[WhiteTeamCountry "GER"]
[BlackTeamCountry "GER"]

1. d4 Nf6 2. Nf3 e6 3. c4 b6 4. Nc3 Bb4 5. Bd2 Bb7 6. e3 0-0 7. Be2 d6 8. 0-0 Nbd7 9. Ne1 Bxc3 10. Bxc3 Ne4 11. f3 Nxc3 12. bxc3 f5 13. Nd3 Qe7 14. f4 e5 15. Qd2 Rae8 16. Rae1 exf4 17. exf4 Qf7 18. Bd1 Ba6 19. Nb2 Nf6 20. Rxe8 Rxe8 21. Re1 Ne4 22. Qe3 Kf8 23. Bb3 c5 24. dxc5 bxc5 25. Qd3 Qf6 26. Nd1 Re7 27. Qd5 Bb7 28. Qd3 Qh4 29. Qe3 Bc6 30. Bc2 Qf6 31. Nf2 Nxc3 32. Qxe7+ Qxe7 33. Rxe7 Kxe7 34. Bxf5 g6 35. Bc2 Nxa2 36. g4 Nb4 37. Bb1 a5 38. Nd1 Bf3 39. Ne3 a4 40. Kf2 Bb7 41. Nd1 Ba6 42. h4 a3 43. Nc3 Bxc4 44. h5 Nd5 45. Na2 Nxf4 46. h6 Kf6 0-1

[Event "Erfurt HT op 24th"]
[Site "Erfurt"]
[Date "2014.12.29"]
[Round "7"]
[White "Rensch, Toralf"]
[Black "Oberling, Mario"]
[Result "1/2-1/2"]
[WhiteElo "2060"]
[BlackElo "1848"]
[PlyCount "116"]
[EventDate "2014.12.26"]
[EventType "swiss"]
[EventRounds "8"]
[EventCountry "GER"]
[SourceTitle "CBM 164 Extra"]
[Source "ChessBase"]
[SourceDate "2015.03.02"]
[SourceVersion "1"]
[SourceVersionDate "2015.03.02"]
[SourceQuality "1"]

1. e4 Nf6 2. Nc3 d5 3. exd5 Nxd5 4. Bc4 Nb6 5. Bb3 Nc6 6. Qf3 e6 7. Nge2 Qf6 8. Qxf6 gxf6 9. Nb5 Kd8 10. d4 a6 11. Nbc3 Na5 12. Bf4 Nxb3 13. axb3 Bd6 14. f3 f5 15. Kf2 h5 16. Rhe1 Bd7 17. Bg5+ Be7 18. Bxe7+ Kxe7 19. Nf4 Kd6 20. Nce2 c6 21. c4 Kc7 22. Rad1 Rae8 23. Nd3 f6 24. Nef4 Bc8 25. Nc5 e5 26. dxe5 Rxe5 27. Ng6 Rxe1 28. Rxe1 Rd8 29. Nf4 Rh8 30. Ng6 Rh7 31. Nd3 Nd7 32. Re8 b5 33. c5 a5 34. Ngf4 Nb8 35. b4 a4 36. Ng6 Nd7 37. Ndf4 Nb8 38. Re7+ Rxe7 39. Nxe7 Na6 40. Nd3 Be6 41. Ng6 Bc4 42. Ngf4 Kd7 43. Kg3 Bxd3 44. Nxd3 Ke6 45. Kh4 Kd5 46. Kxh5 Kd4 47. Ne1 Nxb4 48. Kg6 Nd3 49. h4 Nxb2 50. Nc2+ Kc3 51. Na1 Nd3 52. Kxf5 b4 53. h5 b3 54. Nxb3 axb3 55. h6 b2 56. h7 b1Q 57. h8Q Nxc5+ 58. Kxf6 Qd3 1/2-1/2

[Event "Erfurt HT op 24th"]
[Site "Erfurt"]
[Date "2014.12.28"]
[Round "4"]
[White "Rosmait, Emily"]
[Black "Rensch, Toralf"]
[Result "0-1"]
[WhiteElo "1833"]
[BlackElo "2060"]
[PlyCount "74"]
[EventDate "2014.12.26"]
[EventType "swiss"]
[EventRounds "8"]
[EventCountry "GER"]
[SourceTitle "CBM 164 Extra"]
[Source "ChessBase"]
[SourceDate "2015.03.02"]
[SourceVersion "1"]
[SourceVersionDate "2015.03.02"]
[SourceQuality "1"]

1. e4 e5 2. Nf3 Nc6 3. Bb5 Nd4 4. Nxd4 exd4 5. Bc4 h5 6. d3 c6 7. 0-0 Bc5 8. f4 d5 9. exd5 cxd5 10. Bb5+ Kf8 11. f5 Qa5 12. b4 Bxb4 13. c4 dxc3 14. Ba4 Ne7 15. a3 Bd6 16. f6 gxf6 17. d4 Bg4 18. Qc2 Bf5 19. Qd1 Qc7 20. Bc2 Bxh2+ 21. Kh1 Bg4 22. Qd3 Nf5 23. Rxf5 Bxf5 24. Qxf5 Re8 25. Bd2 cxd2 26. Nxd2 Qf4 27. Qxd5 Qxd2 28. Bb3 Re1+ 29. Rxe1 Qxe1+ 30. Kxh2 Qe7 31. a4 Kg7 32. a5 Rd8 33. Qc4 Qd7 34. d5 Rc8 35. Qd3 Qd6+ 36. Kh3 Qe5 37. Kh4 Rc3 0-1

[Event "Oberliga Ost-B 1415"]
[Site "Germany"]
[Date "2014.09.21"]
[Round "1.5"]
[White "Rensch, Toralf"]
[Black "Dreyer, Michael"]
[Result "1/2-1/2"]
[WhiteElo "2065"]
[BlackElo "2213"]
[PlyCount "22"]
[EventDate "2014.09.21"]
[EventType "team-tourn"]
[EventRounds "11"]
[EventCountry "GER"]
[SourceTitle "EXT 2016"]
[Source "ChessBase"]
[SourceDate "2015.10.08"]
[SourceVersion "1"]
[SourceVersionDate "2015.10.08"]
[SourceQuality "1"]
[WhiteTeam "Weimar Vimaria"]
[BlackTeam "Jena Schott"]
[WhiteTeamCountry "GER"]
[BlackTeamCountry "GER"]

1. e4 e5 2. Nc3 Nf6 3. f4 d5 4. fxe5 Nxe4 5. Nf3 Be7 6. d4 0-0 7. Bd3 f5 8. exf6 Bxf6 9. 0-0 Nc6 10. Nxe4 dxe4 11. Bxe4 Nxd4 1/2-1/2